Datum a čas kvízu
23.5
Celkem bodů
Celkový počet nahraných bodů na tomto kvízu bez doplňovacích otázek.
3.
Pořadí na kvízu
Konečné umístění týmu na tomto kvízu.
Zaznamenané odpovědi
| # | Otázka | Odpověď | Body | Výsledky |
|---|---|---|---|---|
| 1. | Dva roky po svatbě s kadeřníke... | 1 | ||
| 2. | Náhrada za most, který se v po... | 1 | ||
| 2. | Chystaná premiéra jednoho muzi... | 1 | ||
| 1. | Mezi občany od středy míří nov... | 0.5 | ||
| 5. | Fotbalisté v jisté evropské ze... | 0 | ||
| 6. | Tenis jste si vybrali při hlas... | 0 | ||
| 7. | Ve kterém roce vyhrála Petra K... | 0 | ||
| 7. | Jak nazýváme druh úderu, při k... | 0 | ||
| 9. | Který z povrchů, na kterých se... | 0 | ||
| 10. | K našim nejlepším tenistům se... | 0 |